Victory: an island tale
Novela de ficción que narra la vida de Axel Heyst y su visión del mundo opacada por su padre pesimista, donde su intervención por hacer el bien hacia una persona causa una cadena de acontecimientos que lo llevan a su muerte. En esta novela se tocan temas más psicológicos.
Đã lưu trong:
| Tác giả chính: | |
|---|---|
| Định dạng: | Sách |
| Ngôn ngữ: | Undetermined |
| Được phát hành: |
Great Britain
Penguin Books
1963
|
| Những chủ đề: | |
| Các nhãn: |
Thêm thẻ
Không có thẻ, Là người đầu tiên thẻ bản ghi này!
|
MARC
| LEADER | 00000nam a2200000Ia 4500 | ||
|---|---|---|---|
| 008 | 170316s9999 xx 000 0 und d | ||
| 040 | |a cru BVZT | ||
| 090 | |a 820 C-12v | ||
| 100 | |a Conrad, Joseph | ||
| 245 | |a Victory: an island tale | ||
| 260 | |a Great Britain | ||
| 260 | |b Penguin Books | ||
| 260 | |c 1963 | ||
| 300 | |a 327 páginas | ||
| 520 | |a Novela de ficción que narra la vida de Axel Heyst y su visión del mundo opacada por su padre pesimista, donde su intervención por hacer el bien hacia una persona causa una cadena de acontecimientos que lo llevan a su muerte. En esta novela se tocan temas más psicológicos. | ||
| 650 | |a LITERATURA INGLESA |9 12 | ||
| 999 | |c 6697 |d 6697 | ||
| 942 | |c 15 D |h 820 C-12v |2 z | ||
